| 000 | 00996aam a2200337 4500 | ||
|---|---|---|---|
| 005 | 20241205120914.0 | ||
| 008 | 150716b xxu||||| |||| 00| 0 spa d | ||
| 041 | _aspa | ||
| 082 | _a658.315 B895e | ||
| 100 | _aBrunet, Luc | ||
| 245 | _aEl clima de trabajo en las organizaciones: definición, diagnóstico y consecuencia | ||
| 260 | _aMéxico | ||
| 260 | _bTrillas | ||
| 260 | _c1987 | ||
| 300 | _a120 páginas | ||
| 650 | _aADMINISTRACIÓN DE PERSONAL | ||
| 650 | _aCLIMA ORGANIZACIONAL | ||
| 650 | _aCOMPONENTES DEL CLIMA ORGANIZACIONAL | ||
| 650 | _aMEDICIÓN DEL CLIMA ORGANIZACIONAL | ||
| 650 | _aEVALUACIÓN DEL CLIMA ORGANIZACIONAL | ||
| 650 | _aREGLAMENTOS Y POLÍTICAS EN LAS ORGANIZACIONES | ||
| 650 | _aDIMENSIONES | ||
| 650 | _aEVALUACIÓN DEL RENDIMIENTO | ||
| 650 | _aSINDICALIZACIÓN | ||
| 650 | _aDESARROLLO ORGANIZACIONAL | ||
| 650 | _aRELACIONES INDUSTRIALES | ||
| 650 | _aPODER | ||
| 650 | _aLIDERAZGO | ||
| 942 |
_cBK _2ddc |
||
| 999 |
_c1829 _d1829 |
||